| 000 | 00778nam a2200157 a 4500 | ||
|---|---|---|---|
| 001 | 000030541 | ||
| 005 | 20200930062352.0 | ||
| 008 | 110523s1937 dr c r 000 | spa d | ||
| 040 |
_aDO-SdBNP _bspa _cBNPHU |
||
| 082 |
_axxxx _bR426d |
||
| 110 | 1 |
_aRepública Dominicana. _bPresidente (1930-1938 : Trujillo Molina) _957161 |
|
| 245 | 1 | 0 | _aDeclaraciones del generalísimo Dr. Rafael Leónidas Trujillo Molina, Presidente de la República, benefactor de la patria dirigidas a la nación el domingo 28 de marzo del 1937, desde San Cristóbal, residencia temporal del Poder Ejecutivo, por las estaciones de radio HIX, HI1X y HI2X. |
| 260 |
_aCiudad Trujillo, República Dominicana : _bLa Nación, _c1937. |
||
| 300 |
_a15 p. : _bil., retrs. ; _c23 cm. |
||
| 590 | _aInventariado, 2018/LP | ||
| 999 |
_c30033 _d30033 |
||